Normal view
MARC view
- Josh Adams and Harald Molle
Entry Personal Name
001 - CONTROL NUMBER
- control field: 2935
003 - CONTROL NUMBER IDENTIFIER
- control field: OSt
005 - DATE AND TIME OF LATEST TRANSACTION
- control field: 20200115115309.0
008 - FIXED-LENGTH DATA ELEMENTS
- fixed length control field: 200115|| aca||aabn | a|a d
040 ## - CATALOGING SOURCE
- Original cataloging agency: OSt
- Transcribing agency: OSt
100 ## - HEADING--PERSONAL NAME
- Personal name: Josh Adams and Harald Molle
670 ## - SOURCE DATA FOUND
- Source citation: Work cat.: (OSt)6235: Warren, John-David 2918, Arduino Robotics /, c2011.
